=LDR 00000nam 2200000 4500 =001 NUTBA000000000005780 =005 20141110135813.0 =006 =007 =008 =020 ##$$a 978.979.665.009-6 =035 ##$$a 0010-111400000000259 =040 ##$$a NBPDMAT =082 ##$$a 500 =090 ##$$a 500 Mur b =100 ##$$a Muriel Mendell =245 ##$$a Belajar sains dengan bahan makanan sehari-hari$cMuriel Mandell; penerjemah Indrianti; penyunting Ratih Afrianti =260 ##$$a Bandung$bAngkasa$c1993 =300 ##$$a viii, 119 hlm$bilus$c24 cm =500 ##$$a Bibliografi hlm : 113 =650 ##$$a Sains =850 ##$$a NBPDMAT